000 01605cam a2200193 i 4500
001 116592
005 20230410142410.0
008 140804r19882013it a r 000 f ita d
020 _a9788845273476
100 1 _aEco, Umberto.
_d1932-
245 0 3 _aIl pendolo di Foucault /
_cUmberto Eco
250 _a1ª ed.
260 _aItalia :
_bTascabili Bompiani,
_c2013
300 _a704 p. :
_bill.
505 0 _aKeter -- Hokmah -- Binah -- Hesed -- Geburah -- Tiferet -- Nezah -- Hod -- Jesod -- Malkut
520 _aQuesto romanzo si svolge dall'inizio degli anni sessanta al 1984 tra una casa editrice milanese e un museo parigino dove è esposto il pendolo di Foucault. Si svolge dal 1943 al 1945 in un paesino tra Langhe e Monferrato. Si svolge tra il 1344 e il 200 lungo il percorso del piano dei Templari e dei Rosa-Croce per la conquista del mondo. Si svolge interamente la notte del 23 giugno 1984, prima in piedi nella garitta del periscopio, poi in piedi nella garitta della statua della Libertà al Conservatoire des Arts et Métiers di Parigi. Si svolge la notte tra il 26 e il 27 giugno dello stesso anno nella stessa casa di campagna che Jacopo Belbo, il protagonista, ha ereditato da suo zio Carlo, mentre Pim rievoca le sequenze temporali di cui si è detto sopre. In sintesi: tre redattori editoriali a Milano, dopo avere frequentalo troppo a lungo autori "a proprie spese" che si dilettano di scienze occulte, società segrete e complotti cosmici, decidono di inventare, senza alcun senso di responsabilità, un Piano. Ma qualcuno li prende sul serio.
942 _2lcc
_cbk
946 _aJaaM
999 _c95022
_d95022